000 00228nam a22001097a 4500
082 _a621.381RYD
100 _aRyder
245 _aEngineering electronics
260 _aI Tokye
_bMcGraw hill
_c1967
300 _a690
942 _cBK
999 _c12030
_d12030